Normal view
MARC view
- Soga, Kenichi
Entry Personal Name
001 - CONTROL NUMBER
- control field: 18
003 - CONTROL NUMBER IDENTIFIER
- control field: OSt
005 - DATE AND TIME OF LATEST TRANSACTION
- control field: 20140215114810.0
008 - FIXED-LENGTH DATA ELEMENTS
- fixed length control field: 140215|| aca||aabn | a|a d
040 ## - CATALOGING SOURCE
- Original cataloging agency: OSt
- Transcribing agency: OSt
100 ## - HEADING--PERSONAL NAME
- Personal name: Soga, Kenichi
670 ## - SOURCE DATA FOUND
- Source citation: Work cat.: (OSt): Mitchell, James K 17, Fundamentals of soil behaviour, 2013
